000 00291nam a22001217a 4500
003 ASAB
005 20180827062558.0
008 151110t xxu||||| |||| 00| 0 eng d
040 _cASAB
100 _aAgnieszka Kraj
_94135
245 _aProteomics
_cEdited by Agnieszka Kraj
942 _2ddc
_cBK
999 _c479898
_d479898